[Event "BL 1112 SV Wattenscheid - SV Hockenheim"]
[Site "Eppingen"]
[Date "2012.03.18"]
[Round "13.4"]
[White "Rustemov, Alexander"]
[Black "Neubauer, Martin"]
[Result "1/2-1/2"]
[WhiteElo "2537"]
[BlackElo "2431"]
[PlyCount "59"]
[EventDate "2011.10.14"]

1. c4 Nf6 2. d4 e6 3. Nf3 d5 4. Nc3 dxc4 5. e4 Bb4 6. Bg5 c5 7. Bxc4 cxd4 8.
Nxd4 Bxc3+ 9. bxc3 Qa5 10. Bxf6 Qxc3+ 11. Kf1 gxf6 12. Rc1 Qa5 13. g3 Ke7 14.
Kg2 Rd8 15. Re1 Nc6 16. Nf5+ exf5 17. exf5+ Ne5 18. Qh5 Rf8 19. f4 b5 20. fxe5
Bb7+ 21. Kh3 bxc4 22. Rcd1 Bd5 23. Qh4 Rad8 24. exf6+ Kd6 25. Qxc4 Rfe8 26.
Qf4+ Kd7 27. Qc4 Kd6 28. Qf4+ Kd7 29. Qc4 Kd6 30. Qf4+ 1/2-1/2

[Event "BL 1112 SV Wattenscheid - SV Hockenheim"]
[Site "Eppingen"]
[Date "2012.03.18"]
[Round "13.5"]
[White "Boguslavsky, Oleg"]
[Black "Appel, Ralf"]
[Result "1/2-1/2"]
[WhiteElo "2467"]
[BlackElo "2529"]
[PlyCount "122"]
[EventDate "2011.10.14"]

1. e4 e5 2. Nf3 d6 3. d4 Nd7 4. Nc3 Ngf6 5. Bc4 Be7 6. O-O O-O 7. Re1 Nb6 8.
Bf1 exd4 9. Nxd4 Re8 10. Qf3 g6 11. h3 c6 12. Bh6 Nbd7 13. Nf5 Bf8 14. Bxf8
Nxf8 15. Nd4 Re5 16. Qd3 Ne8 17. Rad1 Nd7 18. Qg3 Kh8 19. Nf3 Re7 20. Qh4 f6
21. e5 d5 22. Qh6 Ng7 23. exf6 Nxf6 24. Rxe7 Qxe7 25. Re1 Qf8 26. Bd3 Kg8 27.
Ne5 Bf5 28. Bxf5 Nxf5 29. Qg5 Re8 30. f4 Qg7 31. Re2 Nh5 32. g4 Nhg3 33. gxf5
Nxe2+ 34. Nxe2 gxf5 35. Qxg7+ Kxg7 36. Kf2 Re7 37. c3 Kf6 38. Kf3 Rg7 39. b4
Rc7 40. a3 b6 41. Nd4 c5 42. Ndc6 Ke6 43. b5 Kd6 44. h4 a6 45. a4 axb5 46. axb5
h5 47. Ke3 Rg7 48. Kf2 Rg8 49. Nf7+ Kd7 50. Nce5+ Ke6 51. Ng5+ Ke7 52. Nc6+ Kf6
53. Ne5 Ke7 54. c4 d4 55. Ngf3 Ra8 56. Nd3 Ra2+ 57. Kg3 Rc2 58. Nfe5 Ke6 59.
Kf3 Rh2 60. Kg3 Re2 61. Kf3 Rc2 1/2-1/2

[Event "BL 1112 SV Wattenscheid - SV Hockenheim"]
[Site "Eppingen"]
[Date "2012.03.18"]
[Round "13.6"]
[White "Handke, Florian"]
[Black "Ribli, Zoltan"]
[Result "1/2-1/2"]
[WhiteElo "2518"]
[BlackElo "2588"]
[PlyCount "52"]
[EventDate "2011.10.14"]

1. d4 d5 2. c4 c6 3. Nf3 Nf6 4. Nc3 e6 5. e3 Nbd7 6. Qc2 Bd6 7. Bd3 O-O 8. O-O
dxc4 9. Bxc4 b5 10. Be2 Bb7 11. Rd1 Qc7 12. e4 e5 13. Bg5 exd4 14. Rxd4 Ne5 15.
g3 Bc5 16. Rd2 Neg4 17. e5 Bxf2+ 18. Kg2 Be3 19. Bxf6 gxf6 20. Ne4 c5 21. Nxf6+
Nxf6 22. exf6 Bxd2 23. Qxd2 Kh8 24. Qh6 Rg8 25. Bd3 Rg6 26. Bxg6 fxg6 1/2-1/2

[Event "BL 1112 SV Wattenscheid - SV Hockenheim"]
[Site "Eppingen"]
[Date "2012.03.18"]
[Round "13.7"]
[White "Gasthofer, Alexander"]
[Black "Hirneise, Tobias"]
[Result "1-0"]
[WhiteElo "2456"]
[BlackElo "2446"]
[PlyCount "71"]
[EventDate "2011.10.14"]

1. Nf3 c5 2. g3 Nc6 3. c4 e5 4. Nc3 g6 5. Bg2 Bg7 6. O-O Nge7 7. Ne1 d6 8. Nc2
h5 9. Ne3 h4 10. Ned5 Be6 11. d3 f6 12. Ne4 Kf7 13. f4 hxg3 14. hxg3 Nxd5 15.
cxd5 Bxd5 16. Ng5+ fxg5 17. Bxd5+ Ke8 18. fxe5 Nxe5 19. Qb3 Qe7 20. Qb5+ Qd7
21. Qxb7 Qxb7 22. Bxb7 Rb8 23. Bd5 g4 24. Rb1 Kd7 25. Rf4 Rb6 26. Ra4 a6 27. b3
Rh5 28. Bg2 Ke6 29. Be3 Bh6 30. Bf2 Bg7 31. Rd1 Rg5 32. Be3 Rf5 33. d4 Nd7 34.
dxc5 Nxc5 35. Rxg4 Kf7 36. b4 1-0

[Event "BL 1112 SV Wattenscheid - SV Hockenheim"]
[Site "Eppingen"]
[Date "2012.03.18"]
[Round "13.8"]
[White "Dinstuhl, Volkmar Dr"]
[Black "Postojev, Alexander"]
[Result "1-0"]
[WhiteElo "2408"]
[BlackElo "2330"]
[PlyCount "53"]
[EventDate "2011.10.14"]

1. d4 Nf6 2. c4 c6 3. Nc3 d5 4. Nf3 g6 5. cxd5 cxd5 6. Bf4 Nc6 7. h3 Bg7 8. e3
O-O 9. Bd3 Qb6 10. a3 Ne4 11. Nxe4 dxe4 12. Bxe4 Qxb2 13. O-O Qb6 14. Qa4 Bf5
15. Bxf5 gxf5 16. Rab1 Qa5 17. Qb3 Nd8 18. Rfc1 Ne6 19. Be5 b6 20. Rc6 Rac8 21.
Rxe6 Rc3 22. Qd1 fxe6 23. Ng5 Rfc8 24. Qh5 Rc1+ 25. Kh2 Bxe5+ 26. f4 Bg7 27.
Rxc1 1-0

[Event "BL 1112 Hansa Dortmund - SC Eppingen"]
[Site "Eppingen"]
[Date "2012.03.18"]
[Round "13.1"]
[White "Harikrishna, Pentala"]
[Black "Henrichs, Thomas"]
[Result "1/2-1/2"]
[WhiteElo "2672"]
[BlackElo "2473"]
[PlyCount "90"]
[EventDate "2011.10.14"]

1. d4 Nf6 2. c4 e6 3. Nf3 d5 4. Nc3 Bb4 5. cxd5 exd5 6. Bg5 O-O 7. e3 c5 8. Bd3
c4 9. Bc2 Nbd7 10. O-O Bxc3 11. bxc3 Qa5 12. Rb1 Ne4 13. a4 Re8 14. Rb5 Qa6 15.
Qa1 Nb6 16. Bf4 Bd7 17. Rb4 f6 18. a5 Nc8 19. Rfb1 b5 20. axb6 axb6 21. Qb2 b5
22. Ne1 Qa3 23. Bxe4 Rxe4 24. Nc2 Qxb2 25. R4xb2 Nb6 26. Bd6 Ree8 27. Bb4 Na4
28. Ra2 Bf5 29. Rc1 Nxc3 30. Rxa8 Rxa8 31. Bxc3 Bxc2 32. Rxc2 b4 33. Kf1 bxc3
34. Rxc3 Kf7 35. Rc2 Ke6 36. Rb2 Kd6 37. Rb6+ Kc7 38. Rb5 Kc6 39. Rc5+ Kd6 40.
e4 dxe4 41. Rxc4 Ra2 42. Rb4 Kd5 43. Rb7 Kxd4 44. Rd7+ Ke5 45. Rxg7 Ra1+
1/2-1/2

[Event "BL 1112 Hansa Dortmund - SC Eppingen"]
[Site "Eppingen"]
[Date "2012.03.18"]
[Round "13.2"]
[White "Kohlweyer, Bernd"]
[Black "Berkes, Ferenc"]
[Result "1/2-1/2"]
[WhiteElo "2458"]
[BlackElo "2706"]
[PlyCount "82"]
[EventDate "2011.10.14"]

1. c4 Nf6 2. Nf3 e6 3. g3 d5 4. Bg2 dxc4 5. Qc2 c6 6. a4 Na6 7. Qxc4 Nb4 8. O-O
a5 9. d3 Be7 10. Bd2 O-O 11. Bxb4 Bxb4 12. Na3 Re8 13. d4 Re7 14. Nc2 Bd6 15.
b4 e5 16. dxe5 Bxe5 17. Rad1 Qe8 18. bxa5 h5 19. Ne3 Ng4 20. Nxg4 hxg4 21. Nd2
Bc7 22. e3 Be6 23. Qc2 Rxa5 24. Rb1 Bf5 25. e4 Bc8 26. Nc4 Rc5 27. Qe2 f5 28.
Rfd1 f4 29. Nd6 Bxd6 30. Rxd6 f3 31. Qd3 Rd7 32. Bf1 Rxd6 33. Qxd6 Re5 34. Bd3
Kh8 35. Re1 Bf5 36. Qd4 Bg6 37. Qe3 Qd7 38. h3 c5 39. Qf4 Qd4 40. hxg4 Kh7 41.
Qxf3 Qxa4 1/2-1/2

[Event "BL 1112 Hansa Dortmund - SC Eppingen"]
[Site "Eppingen"]
[Date "2012.03.18"]
[Round "13.3"]
[White "Bologan, Victor"]
[Black "Schmittdiel, Eckhard"]
[Result "1-0"]
[WhiteElo "2657"]
[BlackElo "2466"]
[PlyCount "95"]
[EventDate "2011.10.14"]

1. e4 c5 2. Nf3 Nc6 3. Bb5 e6 4. Bxc6 bxc6 5. d3 d5 6. c4 Nf6 7. Qe2 Be7 8. O-O
O-O 9. Bg5 h6 10. Bxf6 Bxf6 11. e5 Be7 12. Nc3 Rb8 13. Na4 Ba6 14. Rac1 Qa5 15.
b3 Rb4 16. Rc2 Rd8 17. Rfc1 Rd7 18. h3 Rb8 19. Qe3 dxc4 20. dxc4 Rbd8 21. g3
Rd3 22. Qe4 Bc8 23. Kg2 R3d7 24. Re2 Rd1 25. Rxd1 Rxd1 26. Qc2 Rd8 27. Rd2 Rf8
28. Qe4 Qb4 29. Qe3 Qa3 30. Ne1 f6 31. Nd3 fxe5 32. Qxe5 Bf6 33. Qxc5 Qxc5 34.
Ndxc5 Be7 35. Ne4 e5 36. Nd6 Be6 37. Nc5 Bd5+ 38. cxd5 Bxd6 39. Nd7 Rc8 40. Rc2
c5 41. Rc4 Kf7 42. Ra4 Ke7 43. Rxa7 Rc7 44. Rxc7 Bxc7 45. Nxc5 Kd6 46. Ne6 Ba5
47. Nxg7 Kxd5 48. Kf3 1-0

[Event "BL 1112 Hansa Dortmund - SC Eppingen"]
[Site "Eppingen"]
[Date "2012.03.18"]
[Round "13.4"]
[White "Klyuner, Vyacheslav"]
[Black "Balogh, Csaba"]
[Result "0-1"]
[WhiteElo "2428"]
[BlackElo "2662"]
[PlyCount "152"]
[EventDate "2011.10.14"]

1. e4 c5 2. Nf3 e6 3. d3 Nc6 4. g3 d5 5. Nbd2 Bd6 6. Bg2 Nge7 7. O-O O-O 8. Re1
f6 9. c3 d4 10. Nc4 Bc7 11. cxd4 cxd4 12. Qb3 Kh8 13. a4 e5 14. Bd2 Be6 15. Qa3
a6 16. a5 Nc8 17. Bb4 Nxb4 18. Qxb4 Nd6 19. Nfd2 Nb5 20. Rec1 Rc8 21. Bf3 Bb8
22. Nb6 Bd6 23. Rxc8 Bxb4 24. Rxd8 Rxd8 25. Ndc4 Nd6 26. Nxd6 Rxd6 27. Nc4 Rc6
28. Be2 Rc5 29. Ra4 Rb5 30. b3 Kg8 31. f4 Kf8 32. Kf2 Ke7 33. fxe5 fxe5 34. h4
Kf6 35. Bd1 Bc3 36. Ra2 g5 37. hxg5+ Kxg5 38. Ra4 Kf6 39. Ra2 Bb4 40. Kf1 Be7
41. Rh2 Kg7 42. Ra2 h6 43. Kg2 Kg6 44. Kf3 h5 45. Kf2 Bd8 46. Kf1 Bh3+ 47. Kg1
Bg4 48. Bxg4 hxg4 49. Kf1 Bc7 50. Ra3 Kf6 51. Ke2 Ke6 52. Ra1 Bd8 53. Rh1 Bxa5
54. Rh6+ Ke7 55. Rh7+ Kf6 56. Nxa5 Rxa5 57. Rxb7 Ra2+ 58. Kf1 Rd2 59. Rb6+ Ke7
60. Rxa6 Rxd3 61. Ra5 Rf3+ 62. Kg2 Kd6 63. b4 Re3 64. Ra6+ Kc7 65. b5 Rxe4 66.
Rc6+ Kd7 67. Rc2 Re3 68. Rb2 Kc7 69. b6+ Kb7 70. Rb5 d3 71. Kf2 Re2+ 72. Kf1 e4
73. Rb3 Re3 74. Kf2 Rf3+ 75. Kg2 d2 76. Rb1 e3 0-1

[Event "BL 1112 Hansa Dortmund - SC Eppingen"]
[Site "Eppingen"]
[Date "2012.03.18"]
[Round "13.5"]
[White "Tiviakov, Sergei"]
[Black "Wegener, Olaf"]
[Result "1-0"]
[WhiteElo "2647"]
[BlackElo "2423"]
[PlyCount "75"]
[EventDate "2011.10.14"]

1. e4 c5 2. Nf3 d6 3. d4 cxd4 4. Nxd4 Nf6 5. Nc3 a6 6. f4 e5 7. Nf3 Nbd7 8. Bd3
g6 9. O-O Bg7 10. Kh1 O-O 11. a4 Qc7 12. Qe1 b6 13. Qh4 Bb7 14. Bd2 Rae8 15.
Rae1 d5 16. exd5 Nxd5 17. Nxd5 Bxd5 18. Nxe5 Nxe5 19. fxe5 Qc6 20. Qg3 Qxa4 21.
b3 Qd4 22. Be3 Qc3 23. Bxb6 Rxe5 24. Rxe5 Bxe5 25. Qh3 Qc6 26. Bf2 Bc3 27. Be1
Re8 28. Bxc3 Qxc3 29. Qd7 Qe5 30. c4 Ba8 31. Qxf7+ Kh8 32. h3 Bc6 33. b4 Rd8
34. c5 Bd5 35. Qf6+ Qxf6 36. Rxf6 a5 37. b5 a4 38. Rd6 1-0

[Event "BL 1112 Hansa Dortmund - SC Eppingen"]
[Site "Eppingen"]
[Date "2012.03.18"]
[Round "13.6"]
[White "Heinzel, Olaf"]
[Black "Braun, Arik"]
[Result "0-1"]
[WhiteElo "2325"]
[BlackElo "2560"]
[PlyCount "64"]
[EventDate "2011.10.14"]

1. d4 Nf6 2. Bf4 g6 3. e3 Bg7 4. Be2 O-O 5. Nc3 d6 6. h4 h5 7. Nf3 c6 8. a4 Bg4
9. Qd2 Nbd7 10. e4 Re8 11. e5 Nh7 12. exd6 exd6 13. O-O Bxf3 14. Bxf3 Qxh4 15.
a5 d5 16. a6 b5 17. Ne2 Ndf8 18. c3 Ne6 19. g3 Qd8 20. Nc1 Nhg5 21. Bxg5 Nxg5
22. Bg2 Ne4 23. Qc2 h4 24. Bxe4 dxe4 25. Ne2 Qg5 26. Kg2 Qg4 27. f3 exf3+ 28.
Rxf3 Re7 29. Rh1 Rae8 30. Ng1 Re1 31. Qd3 hxg3 32. d5 Rd8 0-1

[Event "BL 1112 Hansa Dortmund - SC Eppingen"]
[Site "Eppingen"]
[Date "2012.03.18"]
[Round "13.7"]
[White "Guliyev, Namig"]
[Black "Karger, Frank"]
[Result "1-0"]
[WhiteElo "2554"]
[BlackElo "2233"]
[PlyCount "41"]
[EventDate "2011.10.14"]

1. e4 d5 2. exd5 Qxd5 3. Nc3 Qd6 4. d4 Nf6 5. Nf3 Bg4 6. h3 Bxf3 7. Qxf3 c6 8.
Be3 e6 9. O-O-O Qc7 10. Kb1 Nbd7 11. g4 h6 12. h4 O-O-O 13. Bh3 Bb4 14. g5 hxg5
15. hxg5 Bxc3 16. gxf6 Qb6 17. Bc1 Bxb2 18. Bxb2 Nxf6 19. c4 Qa5 20. d5 cxd5
21. cxd5 1-0

[Event "BL 1112 Hansa Dortmund - SC Eppingen"]
[Site "Eppingen"]
[Date "2012.03.18"]
[Round "13.8"]
[White "Bluebaum, Matthias"]
[Black "Medvegy, Zoltan"]
[Result "1/2-1/2"]
[WhiteElo "2388"]
[BlackElo "2531"]
[PlyCount "229"]
[EventDate "2011.10.14"]

1. d4 Nf6 2. c4 e6 3. Nf3 b6 4. g3 Ba6 5. b3 b5 6. cxb5 Bxb5 7. Bg2 d5 8. O-O
Nbd7 9. Nc3 Ba6 10. Na4 Bb5 11. Nc3 Ba6 12. Na4 Be7 13. Ne1 c6 14. Nd3 Bb5 15.
Nc3 Qb6 16. Bb2 O-O 17. Rc1 a5 18. Ba1 Rfc8 19. Re1 Bb4 20. Rf1 Bxc3 21. Bxc3
a4 22. Rb1 axb3 23. axb3 Ra3 24. Nb4 h6 25. Qd2 Rca8 26. Nc2 Ra2 27. Ra1 Ne4
28. Bxe4 dxe4 29. Rxa2 Rxa2 30. Ra1 Qa6 31. e3 Bd3 32. Rxa2 Qxa2 33. Ne1 Qxb3
34. Nxd3 exd3 35. Qxd3 Nf6 36. e4 Nxe4 37. Qxe4 Qxc3 38. h4 Qc1+ 39. Kg2 Qc4
40. Qf4 Qd5+ 41. Kg1 h5 42. Qc7 Qf3 43. Qd6 Kh7 44. Qe5 Qd5 45. Qc7 Kg6 46. Qf4
Qf5 47. Qc1 Qf3 48. Qg5+ Kh7 49. Qe5 Qd5 50. Qc7 Kg6 51. Qf4 f6 52. Qb8 Qd7 53.
Qf4 Kf7 54. Qb8 Ke7 55. Qf4 Qd6 56. Qf3 f5 57. Qe3 Kd7 58. Qc3 f4 59. Kh2 fxg3+
60. fxg3 Qd5 61. Qb2 Ke7 62. Qb4+ Kf7 63. Qb2 Qf3 64. Qc2 Kf6 65. Qd2 Qd5 66.
Qf2+ Qf5 67. Qe3 Qc2+ 68. Kh3 Qf5+ 69. Kh2 g6 70. Kg2 Qd5+ 71. Kh2 g5 72. hxg5+
Qxg5 73. Qf3+ Qf5 74. Qe3 Kg6 75. Kg2 Kf7 76. Kh2 Ke8 77. Kg2 Kd7 78. Kh2 Kd6
79. Qa3+ Kd5 80. Qc5+ Ke4 81. Qxc6+ Kxd4 82. Qa4+ Ke5 83. Qa1+ Kd6 84. Qd4+ Qd5
85. Qb6+ Kd7 86. Qa7+ Kc6 87. Qa6+ Kc5 88. Qa5+ Kc4 89. Qa4+ Kc3 90. Qa3+ Kc2
91. Qa4+ Kd2 92. Qb4+ Kc2 93. Qa4+ Kd2 94. Qb4+ Ke2 95. Qb2+ Qd2 96. Qf6 Qe3
97. Qb2+ Qd2 98. Qf6 Qe3 99. Qb2+ Kf1 100. Kh3 e5 101. Qb1+ Kf2 102. Qc2+ Ke1
103. Qb1+ Ke2 104. Qc2+ Ke1 105. Qb1+ Kf2 106. Qc2+ Qe2 107. Qf5+ Kg1 108. Qb1+
Kf2 109. Qf5+ Qf3 110. Qc2+ Ke1 111. Qc1+ Ke2 112. Qc2+ Ke3 113. Qc3+ Ke4 114.
Qc6+ Ke3 115. Qc3+ 1/2-1/2

[Event "BL 1112 SV Mülheim Nord - Schachfr. Berlin"]
[Site "Hamburg"]
[Date "2012.03.18"]
[Round "13.1"]
[White "Melkumyan, Hrant"]
[Black "Vachier-Lagrave, Maxime"]
[Result "1/2-1/2"]
[WhiteElo "2619"]
[BlackElo "2715"]
[PlyCount "61"]
[EventDate "2011.10.14"]

1. d4 Nf6 2. c4 g6 3. Nc3 d5 4. e3 Bg7 5. cxd5 Nxd5 6. Nxd5 Qxd5 7. Ne2 O-O 8.
Nc3 Qd8 9. Be2 c5 10. d5 e6 11. e4 exd5 12. exd5 b6 13. O-O Bb7 14. Bf4 Bxc3
15. bxc3 Qxd5 16. Qxd5 Bxd5 17. Rfd1 Bb7 18. Rd6 Nc6 19. Bg5 Rae8 20. Bf3 Re6
21. Rxe6 fxe6 22. Bg4 Kf7 23. Rd1 Bc8 24. Rd6 Ne7 25. c4 Re8 26. h4 h6 27. Bxh6
Nf5 28. Bxf5 exf5 29. Bg5 Re6 30. Rd8 Re8 31. Rd6 1/2-1/2

[Event "BL 1112 SV Mülheim Nord - Schachfr. Berlin"]
[Site "Hamburg"]
[Date "2012.03.18"]
[Round "13.2"]
[White "Fridman, Daniel"]
[Black "Antoniewski, Rafal"]
[Result "1-0"]
[WhiteElo "2652"]
[BlackElo "2585"]
[PlyCount "65"]
[EventDate "2011.10.14"]

1. c4 Nf6 2. g3 g6 3. Bg2 Bg7 4. Nc3 O-O 5. d4 d6 6. Nf3 Nc6 7. O-O Bf5 8. b3
Ne4 9. Bb2 e5 10. Nd5 g5 11. b4 Bg6 12. b5 Na5 13. Rc1 c6 14. Ne3 Re8 15. h4
exd4 16. Bxd4 Bxd4 17. Qxd4 c5 18. Qd5 gxh4 19. gxh4 h5 20. Bh3 Qf6 21. Bf5 Kh8
22. Bxg6 fxg6 23. Ng5 Nxg5 24. hxg5 Qf8 25. Qd3 Qf4 26. Qxg6 Re5 27. Qxh5+ Kg8
28. Kh1 Rf8 29. Nd5 Qe4+ 30. f3 Qxe2 31. Qg6+ Kh8 32. Nf6 Rxf6 33. gxf6 1-0

[Event "BL 1112 SV Mülheim Nord - Schachfr. Berlin"]
[Site "Hamburg"]
[Date "2012.03.18"]
[Round "13.3"]
[White "Lauber, Arnd"]
[Black "Landa, Konstantin"]
[Result "0-1"]
[WhiteElo "2464"]
[BlackElo "2639"]
[PlyCount "84"]
[EventDate "2011.10.14"]

1. d4 Nf6 2. c4 e6 3. Nc3 Bb4 4. e3 O-O 5. Bd3 d5 6. Nf3 c5 7. O-O Nc6 8. cxd5
exd5 9. dxc5 Bxc5 10. b3 Bg4 11. Be2 a6 12. Bb2 Ba7 13. Rc1 Qd7 14. Na4 Ne4 15.
Ne5 Nxe5 16. Bxe5 Bxe2 17. Qxe2 Rfe8 18. Qb2 b5 19. Bxg7 bxa4 20. Bh8 f6 21.
Bxf6 a3 22. Qa1 Nxf6 23. Qxf6 d4 24. Rfd1 Qf7 25. Qxf7+ Kxf7 26. exd4 Rad8 27.
Kf1 Bxd4 28. Rc7+ Re7 29. Rc4 Bc3 30. Rb1 Rd3 31. g3 a5 32. Rc1 Bb4 33. R1c2
Rd1+ 34. Kg2 Rb1 35. Kf3 Rb2 36. h4 Rd7 37. Ke3 Rd2 38. Rc7+ Ke6 39. R2c4 Re2+
40. Kf3 Rxf2+ 41. Kg4 Rxa2 42. Rxh7 Rae2 0-1

[Event "BL 1112 SV Mülheim Nord - Schachfr. Berlin"]
[Site "Hamburg"]
[Date "2012.03.18"]
[Round "13.4"]
[White "Tregubov, Pavel V"]
[Black "Schneider, Ilja"]
[Result "1/2-1/2"]
[WhiteElo "2602"]
[BlackElo "2472"]
[PlyCount "117"]
[EventDate "2011.10.14"]

1. d4 d5 2. c4 c6 3. Nf3 Nf6 4. Nc3 a6 5. e3 b5 6. b3 Bg4 7. Bd2 e6 8. h3 Bxf3
9. Qxf3 Bb4 10. Qd1 Bxc3 11. Bxc3 Ne4 12. Rc1 Nxc3 13. Rxc3 O-O 14. Bd3 c5 15.
cxd5 cxd4 16. exd4 b4 17. Rc5 Nd7 18. Rc6 Nb8 19. Rc1 Qxd5 20. Qc2 Qh5 21. Qc7
Qd5 22. O-O Nd7 23. Bc4 Qxd4 24. Rcd1 Ra7 25. Rxd4 Rxc7 26. Bxa6 Ra8 27. Bb5
Nf6 28. Rxb4 Rxa2 29. Ra4 Rac2 30. Bd3 R2c3 31. Ra8+ Rc8 32. Rxc8+ Rxc8 33. Rb1
Nd5 34. b4 Kf8 35. b5 Ra8 36. g3 Ke7 37. h4 h6 38. Kg2 Ra3 39. Bc4 Ra4 40. Bxd5
exd5 41. b6 Ra8 42. Rc1 Ra3 43. Rb1 Ra8 44. Kf3 Rb8 45. Ke3 Kd6 46. Kd4 Kc6 47.
Rc1+ Kd6 48. Rb1 Kc6 49. h5 Rxb6 50. Rxb6+ Kxb6 51. Kxd5 Kc7 52. g4 Kd7 53. Ke5
Ke7 54. Kf5 Kd6 55. f4 Kd7 56. g5 hxg5 57. Kxg5 Ke6 58. f5+ Ke7 59. f6+ 1/2-1/2

[Event "BL 1112 SV Mülheim Nord - Schachfr. Berlin"]
[Site "Hamburg"]
[Date "2012.03.18"]
[Round "13.5"]
[White "Polzin, Rainer"]
[Black "Feygin, Michael"]
[Result "0-1"]
[WhiteElo "2469"]
[BlackElo "2521"]
[PlyCount "118"]
[EventDate "2011.10.14"]

1. e4 e6 2. d4 d5 3. Nc3 Nf6 4. Bg5 Bb4 5. e5 h6 6. Bd2 Bxc3 7. bxc3 Ne4 8. Qg4
g6 9. Bd3 Nxd2 10. Kxd2 c5 11. h4 Nc6 12. Qf4 Bd7 13. Nf3 c4 14. Be2 Qe7 15.
Nh2 O-O-O 16. a3 f5 17. exf6 Rdf8 18. Ng4 h5 19. fxe7 Rxf4 20. Ne5 Nxe5 21.
dxe5 Ba4 22. Raf1 Kd7 23. Bd1 Kxe7 24. g3 Rf5 25. f4 Rf7 26. Ke3 Rfh7 27. Rfg1
b6 28. Rh2 Rc8 29. g4 hxg4 30. Bxg4 Rch8 31. Rgh1 Bc6 32. Bf3 Rf8 33. Rg1 Be8
34. Rg4 Rfh8 35. Kf2 Bf7 36. Kg3 Rc8 37. Rg5 Rc5 38. h5 gxh5 39. Bxh5 Ra5 40.
Bxf7 Rxh2 41. Bxe6 Re2 42. Rg6 Rxa3 43. Bxd5 Rxc3+ 44. Kg4 Rcxc2 45. Rg7+ Kd8
46. Kf5 b5 47. Ke6 Rcd2 48. f5 c3 49. f6 c2 50. Rd7+ Kc8 51. f7 Rxe5+ 52. Kxe5
Kxd7 53. f8=Q Re2+ 54. Kd4 c1=Q 55. Qf5+ Kc7 56. Qf7+ Kb6 57. Qb7+ Ka5 58.
Qxa7+ Kb4 59. Kd3 Qd2# 0-1

[Event "BL 1112 SV Mülheim Nord - Schachfr. Berlin"]
[Site "Hamburg"]
[Date "2012.03.18"]
[Round "13.6"]
[White "Hausrath, Daniel"]
[Black "Thiede, Lars"]
[Result "1-0"]
[WhiteElo "2507"]
[BlackElo "2458"]
[PlyCount "53"]
[EventDate "2011.10.14"]

1. Nf3 Nf6 2. g3 g6 3. Bg2 Bg7 4. O-O O-O 5. d4 d6 6. Re1 Nc6 7. d5 Nb4 8. e4
e6 9. a3 Na6 10. Nc3 c6 11. dxc6 bxc6 12. e5 Nd5 13. exd6 Qxd6 14. Ne4 Qe7 15.
c4 Nb6 16. Qc2 Nc5 17. Bg5 f6 18. Be3 Nxe4 19. Qxe4 Bd7 20. Rad1 c5 21. b4 Na4
22. Qb7 Rfd8 23. bxc5 Rab8 24. Qxa7 e5 25. c6 Ra8 26. Qb7 Rab8 27. Qa6 1-0

[Event "BL 1112 SV Mülheim Nord - Schachfr. Berlin"]
[Site "Hamburg"]
[Date "2012.03.18"]
[Round "13.7"]
[White "Abel, Dennes"]
[Black "Levin, Felix"]
[Result "1/2-1/2"]
[WhiteElo "2427"]
[BlackElo "2482"]
[PlyCount "100"]
[EventDate "2011.10.14"]

1. c4 e6 2. Nc3 d5 3. d4 Nf6 4. cxd5 exd5 5. Bg5 Be7 6. e3 c6 7. Bd3 Nbd7 8.
Nge2 O-O 9. Qc2 Re8 10. O-O Nf8 11. Rae1 Nh5 12. Bxe7 Qxe7 13. Rb1 g6 14. b4 a6
15. a4 Ng7 16. b5 axb5 17. axb5 Bf5 18. Rfc1 Bxd3 19. Qxd3 Nf5 20. bxc6 bxc6
21. Rb6 Qd7 22. e4 Ne7 23. e5 Ne6 24. Nd1 Qa7 25. Rbb1 Nf5 26. Ne3 Nexd4 27.
Ng4 Nxe2+ 28. Qxe2 Re6 29. Rb4 Rb8 30. Rf4 Kg7 31. Nf6 Nh6 32. Rh4 Rh8 33. g4
Qd4 34. Re1 Ng8 35. Nd7 h5 36. Qa6 hxg4 37. Rxh8 Kxh8 38. Qc8 Qf4 39. Qf8 Kh7
40. Re3 Nh6 41. Qd8 Qf5 42. Re1 Ng8 43. Nf8+ Kg7 44. Nxe6+ Qxe6 45. Ra1 Qxe5
46. Ra8 Qe1+ 47. Kg2 Qe4+ 48. Kg1 Qe1+ 49. Kg2 Qe4+ 50. Kg1 Qe1+ 1/2-1/2

[Event "BL 1112 SV Mülheim Nord - Schachfr. Berlin"]
[Site "Hamburg"]
[Date "2012.03.18"]
[Round "13.8"]
[White "Saltaev, Mihail"]
[Black "Poldauf, Dirk"]
[Result "1/2-1/2"]
[WhiteElo "2484"]
[BlackElo "2385"]
[PlyCount "78"]
[EventDate "2011.10.14"]

1. e4 e6 2. d4 d5 3. Nd2 Nf6 4. e5 Nfd7 5. c3 c5 6. Bd3 Nc6 7. Ngf3 Be7 8. O-O
g5 9. dxc5 Ndxe5 10. Bb5 Ng6 11. b4 O-O 12. Nd4 Bd7 13. N2b3 e5 14. Nxc6 bxc6
15. Ba6 Qc7 16. Re1 f6 17. a4 Kh8 18. Ra2 Rf7 19. Rd2 Rg8 20. Ba3 g4 21. g3 Nf8
22. Rde2 Ne6 23. Bc1 Bf8 24. Bd3 Bg7 25. c4 f5 26. cxd5 cxd5 27. Bb5 Bxb5 28.
axb5 d4 29. Na5 e4 30. Ra2 e3 31. Nc6 Qb7 32. Rxa7 Qxb5 33. Rxf7 Qxc6 34. Rxf5
Qe4 35. Rh5 Qg6 36. Rd5 Qe4 37. Rh5 Qg6 38. Rd5 Qe4 39. Rh5 Qg6 1/2-1/2

[Event "BL 1112 SF Katernberg - Hamburger SK"]
[Site "Hamburg"]
[Date "2012.03.18"]
[Round "13.1"]
[White "Wojtaszek, Radoslav"]
[Black "Negi, Parimarjan"]
[Result "1/2-1/2"]
[WhiteElo "2704"]
[BlackElo "2631"]
[PlyCount "74"]
[EventDate "2011.10.14"]

1. d4 d5 2. c4 c6 3. Nc3 Nf6 4. e3 e6 5. Nf3 Nbd7 6. Qc2 Bd6 7. Bd3 O-O 8. O-O
dxc4 9. Bxc4 b5 10. Bd3 Bb7 11. a3 Rc8 12. Ng5 Bxh2+ 13. Kxh2 Ng4+ 14. Kg1 Qxg5
15. f3 Ngf6 16. b4 Nh5 17. e4 Qe7 18. Ne2 e5 19. g4 Nhf6 20. Be3 h5 21. dxe5
Nxe5 22. Bc5 Qd7 23. Rad1 Rfd8 24. Nd4 hxg4 25. f4 Nxd3 26. Qxd3 Qe8 27. e5 Nd7
28. Bd6 g6 29. Rc1 a6 30. Rfe1 Nb6 31. f5 Nc4 32. fxg6 fxg6 33. Re4 c5 34. Rxg4
Rxd6 35. exd6 Ne5 36. d7 Qxd7 37. Rxg6+ Nxg6 1/2-1/2

[Event "BL 1112 SF Katernberg - Hamburger SK"]
[Site "Hamburg"]
[Date "2012.03.18"]
[Round "13.2"]
[White "Bischoff, Klaus"]
[Black "Ghaem Maghami, Ehsan"]
[Result "1/2-1/2"]
[WhiteElo "2547"]
[BlackElo "2583"]
[PlyCount "79"]
[EventDate "2011.10.14"]

1. c4 Nf6 2. Nc3 e6 3. Nf3 b6 4. a3 c5 5. e3 g6 6. d4 Bg7 7. Be2 O-O 8. O-O d5
9. cxd5 exd5 10. b4 Nc6 11. Bb2 cxd4 12. exd4 Bg4 13. h3 Bxf3 14. Bxf3 Rc8 15.
Qd3 Qd7 16. Nd1 Rfe8 17. Ne3 Ne7 18. Rfe1 h5 19. b5 Bh6 20. a4 Bf4 21. a5 bxa5
22. Bc3 Bc7 23. Bxa5 Bxa5 24. Rxa5 Nf5 25. Rea1 Nxe3 26. fxe3 Rc7 27. Ra6 Kg7
28. Rc6 Rxc6 29. bxc6 Qxc6 30. Rxa7 Qc1+ 31. Kf2 Rb8 32. Qa3 Qd2+ 33. Kg3 Re8
34. Re7 Ne4+ 35. Kh2 Rxe7 36. Qxe7 Qxe3 37. Qe5+ Kg8 38. Qe8+ Kg7 39. Qe5+ Kg8
40. Qe8+ 1/2-1/2

[Event "BL 1112 SF Katernberg - Hamburger SK"]
[Site "Hamburg"]
[Date "2012.03.18"]
[Round "13.3"]
[White "Zherebukh, Yaroslaw"]
[Black "Firman, Nazar"]
[Result "1-0"]
[WhiteElo "2580"]
[BlackElo "2517"]
[PlyCount "53"]
[EventDate "2011.10.14"]

1. e4 c5 2. Nf3 e6 3. d4 cxd4 4. Nxd4 Nc6 5. Nc3 d6 6. Be2 Nf6 7. O-O Be7 8.
Be3 O-O 9. f4 Bd7 10. Nb3 Qc8 11. a3 Rd8 12. Bd3 Be8 13. Qf3 Bf8 14. Kh1 Ne7
15. Qg3 Ng6 16. f5 exf5 17. exf5 Ne5 18. Bg5 Be7 19. Be2 Bc6 20. Rad1 Rd7 21.
Nd4 Kh8 22. Nxc6 bxc6 23. Rd4 Qf8 24. Rfd1 Re8 25. b4 d5 26. Qxe5 Bd6 27. Qxf6
1-0

[Event "BL 1112 SF Katernberg - Hamburger SK"]
[Site "Hamburg"]
[Date "2012.03.18"]
[Round "13.4"]
[White "Kotainy, Jens"]
[Black "Hansen, Sune Berg"]
[Result "1/2-1/2"]
[WhiteElo "2406"]
[BlackElo "2566"]
[PlyCount "74"]
[EventDate "2011.10.14"]

1. e4 e5 2. Nf3 Nc6 3. d4 exd4 4. Bc4 Bc5 5. c3 Nf6 6. cxd4 Bb4+ 7. Bd2 Bxd2+
8. Nbxd2 d5 9. exd5 Nxd5 10. Qb3 Na5 11. Qa4+ Nc6 12. Qb3 Nce7 13. O-O O-O 14.
Rfe1 c6 15. a4 Rb8 16. a5 Bf5 17. Re5 Bg4 18. Qa3 Ng6 19. Ree1 Be6 20. g3 Nc7
21. Qc5 a6 22. Ne4 Ne7 23. Bd3 Ned5 24. Nd6 Nf6 25. Ne5 Bd5 26. Nf5 g6 27. Ne7+
Kg7 28. Nxd5 Nfxd5 29. f4 Ne6 30. Qc4 Ndc7 31. Rad1 Qxd4+ 32. Qxd4 Nxd4 33.
Bxg6 Rbd8 34. Be4 Rfe8 35. Kf2 Ncb5 36. Bd3 f6 37. Nc4 Nb3 1/2-1/2